| 000 | 00361nam a2200133Ia 4500 | ||
|---|---|---|---|
| 008 | 240624s9999 xx 000 0 und d | ||
| 041 | _aeng | ||
| 082 | _a659.1 NEW | ||
| 100 | _aNEWMAN MICHAEL | ||
| 245 | _a22 IRREFUTABLE LAWS OF ADVERTISING AND W | ||
| 260 |
_c2006 _aNew Jersey _bJohn Wiley and Sons |
||
| 300 | _axxviii, : 266 : p. : cm. ; 23 | ||
| 365 |
_c _b28 |
||
| 999 |
_c7352 _d7352 |
||